Normal view
MARC view
Entry Nome pessoal
001 - NÚMERO DE CONTROLE
- campo de controle: 1658
003 - IDENTIFICADOR DO NÚMERO DE CONTROLE
- campo de controle: DLC
005 - DATA E HORÁRIO DA ÚLTIMA TRANSAÇÃO
- campo de controle: 20251127115545.0
008 - CAMPO DE DADOS FIXOS
- campo de controle de tamanho fixo: 890410n| acannaab| |n aad |||
010 ## - NÚMERO DE CONTROLE DA LIBRARY OF CONGRESS
- Número de controle da LC: n 89620999
040 ## - FONTE DA CATALOGAÇÃO
- Instituição da catalogação original: DLC
- Instituição que transcreveu o registro: DLC
100 10 - CABEÇALHO--NOME PESSOAL
- Nome pessoal: Moura, Marcia
400 ## - REMISSIVA VER--NOME PESSOAL
- Nome pessoal: Marcia Moura